Human resource management : a critical text: Edited by John Storey,.

Bibliographic Details
Corporate Author: THOMSON LEARNING
Other Authors: Storey, John, 1947-
Format: Book
Language:English
Published: Australia : Thomson Learning, c2001
Edition:2nd ed.
Subjects:
LEADER 00894nam a2200241 a 4500
001 GR-Patra18817
008 060110s gr g b 000 0 eng d
020 |a 1861526059 
040 |a GrPaTEI  |b gre  |c GR-PaULI 
040 |a GrPaTEI  |b gre  |c GR-PaULI 
082 0 |a 658.3  |2 21 
245 0 0 |a Human resource management :  |b a critical text: Edited by John Storey,. 
250 |a 2nd ed. 
260 |a Australia :  |b Thomson Learning,  |c c2001 
300 |a 373σ. 
504 |a Περιλαμβάνει βιβλιογραφία. 
650 0 |a Personnel management 
700 1 |a Storey, John,  |d 1947- 
710 0 |a THOMSON LEARNING 
942 |2 ddc 
952 |0 0  |1 0  |2 ddc  |4 0  |6 658_300000000000000_HUM  |7 0  |9 299038  |a LISK  |b LISK  |c BSC  |d 2021-01-17  |e 24  |f 1  |g 0.00  |l 0  |o 658.3 HUM  |p 92410027856  |r 2021-01-17 00:00:00  |t 1  |w 2021-01-17  |y BK15  |x 20060110 0 1  |x GrPaTEI 
971 |a .b26663326  |b 15-04-20  |c 23-09-16 
999 |c 173896  |d 173896